000 00242nam a2200109Ia 4500
008 221030s9999 xx 000 0 und d
082 _a105.23
_bMCA
245 0 _aVisual Basic 6 From Scratch
_bCD
260 _c2000
650 _aBook
942 _cCD
999 _c243
_d243